| 000 | 00488nam a2200193Ia 4500 | ||
|---|---|---|---|
| 008 | 170918s9999 xx 000 0 und d | ||
| 020 | _a9781584300342 | ||
| 050 | _bN693 2002 | ||
| 100 | _aNikola-Lisa, W. | ||
| 245 | _aSummer sun risin' / | ||
| 245 | _cby W. Nikola-Lisa ; illustrated by Don Tate. | ||
| 260 | _aNew York : | ||
| 260 | _bLee & Low Books Inc., | ||
| 260 | _c2002 | ||
| 300 | _aunpaged : | ||
| 300 | _bcolored illustration ; | ||
| 300 | _c22cm. | ||
| 500 | _a500 | ||
| 999 |
_c343046 _d343046 |
||